01026nam a22002055i 4500001000700000003000900007005001700016008004100033040002000074100004900094245012600143260006300269300002100332490004100353500008000394500001900474700001900493830004100512852026700553157120ES-MaACL20250824063053.0040809s1867 sp |||| | spa d aCAM bspa cCAM1 aLarra y Wetoret, Luis Mariano de,d1830-190114aLos órganos de Móstoles b: zarzuela bufa en tres actos y en verso / cpor Luis Mariano de Larra ; música de Rogel. aMadrid : b[s.n.], c1867 (fImprenta de José Rodriguez) a85 p. ; c18 cm.1 aRepertorio de los Bufos Madrileños aEn port.: Estrenada en el teatro del Circo el dia 14 de septiembre de 1867. aSolo la letra.1 aRogel, José.0 aRepertorio de los Bufos Madrileños aES-MaACLjF-8611(8) z-- Enc. pasta española q-- Falto de la cub. originalz-- Enc. en un vol. facticio formando parte de la col. facticia "Teatro español moderno", vol. 66 z-- Sobre el pie de imp. banderilla en la que consta: Libreria de Rufino Estéban